| 000 | 01019cam a22003137a 4500 | ||
|---|---|---|---|
| 003 | CHAP | ||
| 005 | 20220329140637.0 | ||
| 008 | 971013s1985 mx a r 00010 spa d | ||
| 010 | _a55246 | ||
| 011 | _a56218 | ||
| 035 | _a60371 | ||
| 040 | _cCHAP | ||
| 082 | 0 | 4 |
_a574.192 _bS5Y |
| 100 | 0 | 0 |
_aSilverman, Morris. _9106091 |
| 245 | 1 | 0 | _aBioquímica |
| 260 |
_aMéxico, D. F. : _bInteramericana, _c1985 |
||
| 300 |
_a386 p. _b: ilus. ; gráfs. |
||
| 490 | 0 | _aManual de preguntas y respuestas | |
| 590 |
_aBATCH-UPD _b10 _c20130110 _lUCH01 _h0706 |
||
| 590 |
_aBATCH-UPD _b10 _c20130410 _lUCH01 _h0351 |
||
| 590 |
_aBATCH-UPD _b10 _c20130914 _lUCH01 _h0644 |
||
| 590 |
_aCONVERSION _b10 _c20130109 _lUCH01 _h1330 |
||
| 650 | 1 | 4 |
_aBioquímica. _912849 |
| 830 | 0 |
_aManual de preguntas y respuestas _970621 |
|
| 901 | _aBK | ||
| 942 | _cLIBRO | ||
| 949 |
_a574.192 S5Y _bBC _cLIBRO _d33724000906814 _eLIBRO _fc.2 _gI. 126056 _h65429 _i60371 _si |
||
| 949 |
_a574.192 S5Y _bBC _cLIBRO _d33724000935748 _eLIBRO _gI. 126055 _h65428 _i60371 _si |
||
| 999 |
_c55246 _d55246 |
||